Normal view
MARC view
- قصص قصيرة - ادب عربي - عصر حديث
Entry Topical Term
001 - CONTROL NUMBER
- control field: 47387
003 - CONTROL NUMBER IDENTIFIER
- control field: JO-AjAnu
005 - DATE AND TIME OF LATEST TRANSACTION
- control field: 20230606081826.0
008 - FIXED-LENGTH DATA ELEMENTS
- fixed length control field: 230606|| aca||aabn | a|a d
040 ## - CATALOGING SOURCE
- Original cataloging agency: JO-AjAnu
- Transcribing agency: JO-AjAnu
150 ## - HEADING--TOPICAL TERM
- Topical term or geographic name entry element: قصص قصيرة - ادب عربي - عصر حديث
670 ## - SOURCE DATA FOUND
- Source citation: Work cat.: (JO-AjAnu)24250: العقاد، عباس محمود، م. مشارك إبراهيم عبد القادر المازني, author 47386, الديوان في الأدب والنقد